<?xml version="1.0" encoding="UTF-8"?>
<record
    xmlns:xsi="http://www.w3.org/2001/XMLSchema-instance"
    xsi:schemaLocation="http://www.loc.gov/MARC21/slim http://www.loc.gov/standards/marcxml/schema/MARC21slim.xsd"
    xmlns="http://www.loc.gov/MARC21/slim">

  <leader>01085nam a2200229 a 4500</leader>
  <controlfield tag="001">BRL_1463</controlfield>
  <controlfield tag="005">20190320211223.0</controlfield>
  <controlfield tag="008">210114s1965----fr-o######---#000-0#fre-#</controlfield>
  <datafield tag="041" ind1=" " ind2=" ">
    <subfield code="a">fre</subfield>
  </datafield>
  <datafield tag="044" ind1=" " ind2=" ">
    <subfield code="a">fr</subfield>
  </datafield>
  <datafield tag="050" ind1=" " ind2="4">
    <subfield code="a">GT1747</subfield>
    <subfield code="b">.D46 1965</subfield>
  </datafield>
  <datafield tag="100" ind1="1" ind2=" ">
    <subfield code="a">Demoulin-Bernard, Henriette</subfield>
    <subfield code="9">27003</subfield>
  </datafield>
  <datafield tag="245" ind1="1" ind2="0">
    <subfield code="a">Masques</subfield>
    <subfield code="b">expos&#xE9;s dans L&#xB4;Annexe du mus&#xE9;e Guiment en d&#xE9;cembre 1959, avec la collaboration de la section des Sciences religieuses de l&#xB4;&#xC9;cole pratique des Hautes &#xC9;tudes et son Centre documentaire d&#xB4;Histoire des Religions. Les commentaires accompagnant les photographies ont &#xE9;t&#xE9; emprunt&#xE9;s au catalogue de l&#xB4;expositions qui a &#xE9;t&#xE9; r&#xE9;alis&#xE9;e avec le concours de la R&#xE9;union de Mus&#xE9;es Nationaux.</subfield>
    <subfield code="c">par Henriette Demoulin-Bernard ; pr&#xE9;face Roger Caillois ; photographies de Georges Pierre.</subfield>
  </datafield>
  <datafield tag="260" ind1=" " ind2=" ">
    <subfield code="a">Paris</subfield>
    <subfield code="b">Oliver Perrin</subfield>
    <subfield code="c">1965</subfield>
  </datafield>
  <datafield tag="300" ind1=" " ind2=" ">
    <subfield code="a">98 p.</subfield>
    <subfield code="b">il., fotograf&#xED;as (blanco y negro)</subfield>
    <subfield code="c">22 cm.</subfield>
  </datafield>
  <datafield tag="500" ind1=" " ind2=" ">
    <subfield code="a">Au1792</subfield>
  </datafield>
  <datafield tag="650" ind1="1" ind2="4">
    <subfield code="a">M&#xE1;scaras</subfield>
    <subfield code="9">18335</subfield>
  </datafield>
  <datafield tag="700" ind1="1" ind2=" ">
    <subfield code="a">Caillois, Roger</subfield>
    <subfield code="9">27004</subfield>
  </datafield>
  <datafield tag="700" ind1="1" ind2=" ">
    <subfield code="a">Pierre, Georges</subfield>
    <subfield code="e">il.</subfield>
    <subfield code="9">27005</subfield>
  </datafield>
  <datafield tag="902" ind1=" " ind2=" ">
    <subfield code="a">GRL</subfield>
  </datafield>
  <datafield tag="942" ind1=" " ind2=" ">
    <subfield code="2">lcc</subfield>
    <subfield code="c">B</subfield>
  </datafield>
  <datafield tag="999" ind1=" " ind2=" ">
    <subfield code="c">10273</subfield>
    <subfield code="d">10273</subfield>
  </datafield>
  <datafield tag="952" ind1=" " ind2=" ">
    <subfield code="0">0</subfield>
    <subfield code="1">0</subfield>
    <subfield code="4">0</subfield>
    <subfield code="7">0</subfield>
    <subfield code="a">BRL</subfield>
    <subfield code="b">BRL</subfield>
    <subfield code="d">2014-01-21</subfield>
    <subfield code="i">Au1792</subfield>
    <subfield code="l">0</subfield>
    <subfield code="o">GT1747 .D46 1965 (Au1792)</subfield>
    <subfield code="p">GRL01623</subfield>
    <subfield code="r">2019-03-22 00:00:00</subfield>
    <subfield code="w">2019-03-22</subfield>
    <subfield code="y">B</subfield>
  </datafield>
</record>
